The mystery of the burnt cottage

Bibliographic Details
Main Author: Blyton, Enid
Format: Book
Published: London : Dean , 2009
Subjects:

MARC

LEADER 00000cam a2200000 7i4500
001 0000033237
005 20151222.0
008 120915
020 |a 0603564338 
090 0 0 |a JF   |b ENG 
100 1 |a Blyton, Enid 
245 1 0 |a The mystery of the burnt cottage   |c Enid Blyton 
260 |a London :   |b Dean ,   |c 2009 
500 |a Children ages 10-12 years old (pink) 
650 0 |a Adventure 
650 0 |a Junior fiction   |x English   |x languages 
999 |a 0001157990   |b Book   |c Children Collection   |e Perbadanan Perpustakaan Awam Johor 
999 |a 0001157991   |b Book   |c Children Collection   |e Perbadanan Perpustakaan Awam Johor 
999 |a 0001158065   |b Book   |c Children Collection   |e Cawangan Tmn. Ungku Tun Aminah